000 00552nam a22001577a 4500
999 _c527811
_d527811
020 _qHBK.
082 _a660
100 _aAkbar, Sehrish
245 _aArtificial MicroRNA Mediated Transgenic Resistance Against Sugarcane Mosaic Virus (SCMV) in Nicotiana Benthamiana /
_cSehrish Akbar
260 _aIslamabad:
_bASAB - NUST,
_c2017.
300 _aVar. 276 p. : ill. ;
_c30cm.
942 _2ddc
_cTHE
650 _aApplied Bioscience - PhD Thesis.
_919261
700 _aDr. Muhammad Tahir.
_919262